00918cam a22002531 4500999001700000001000800017005001700025008004100042010001700083040001800100050001900118082001000137100002800147245009300175260003400268300003900302490002900341504003000370600003700400730002500437906004500462942003400507952012300541 c16312d16312122546220161109130052.0711020s1966 nyua b 000 0 eng  a 66024104  aDLCcDLCdDLC00aND623.L5 bW3200a759.51 aWallace, Robert,d1919-14aThe world of Leonardo, 1452-1519,cby Robert Wallace and the editors of Time-Life Books. aNew York,bTime, inc.c[1966] a192 p.billus. (part col.)c32 cm.0 aTime-Life library of art aBibliography: p. 187-188.00aLeonardo,cda Vinci,d1452-1519.0 aLife (Chicago, Ill.) a7bcbccorignewdueocipf19gy-gencatlg 2lcccBOOKShND623.L5 W32 1966 00102lcc4070aMUCbMUCcGENd2016-11-09eDonation (BFA)l0oND623.L5 W32 1966p26968r2016-11-09w2016-11-09yBOOKS